000 01101nam a22002777a 4500
999 _c65822
_d65822
005 20240530110845.0
008 201005s2020 ua ahi f b 000 0 ara d
017 _a2019/15305
_bمصر. دار الكتب
020 _a9777537636
040 _aEG-CaGPL
_cEG-CaGPL
082 0 4 _221
_a796.077/
_bم ب
100 0 _aمحمد عبدالرازق طه خليل
245 1 0 _aبيولوجيا الرياضة والاداء البدنى /
_cمحمد عبدالرازق طه خليل
250 _aط.1
260 _aالقاهرة :
_bمؤسسة عالم الرياضة للنشر،
_c2020.
260 _aالقاهرة :
_bدار الوفاء لدنيا الطباعة و النشر،
300 _a323 ص. :
_bايض ؛
_c24 سم.
504 _aيشتمل على ارجاعات ببليوجرافية
650 0 7 _2qrmak
_aالتدريب الرياضى
650 0 7 _2qrmak
_aالتربية البدنية
650 0 7 _2qrmak
_aاللياقة البدنية
650 0 7 _2qrmak
_aالطب الرياضى
651 _2qrmak
942 _2ddc
_cBK